000 00493nam a2200193 a 4500
001 1757824957264
003 YourLibrary
005 20250915121406.0
008 250914s1961##################000#0#eng##
020 _a9780415094467
082 0 4 _a150.195
_bJUN
100 1 _aJung, Carl Gustav,
_eauthor.
245 1 0 _aFreud and Psychoanalysis :
260 _bRoutledge,
_c1961.
300 _a398 pages
650 0 _aPsychology.
942 _cENGLISH
040 _aYourLibrary
_beng
_cYourLibrary
999 _c587028
_d587028